La tercera vía hacia una buena sociedad: propuestas desde el comunitarismo
Guardat en:
| Autor principal: | |
|---|---|
| Format: | Llibre |
| Idioma: | espanyol |
| Publicat: |
Madrid
Trotta
2001
|
| Col·lecció: | Mínima
|
| Matèries: | |
| Etiquetes: |
Afegir etiqueta
Sense etiquetes, Sigues el primer a etiquetar aquest registre!
|
MARC
| LEADER | 00000nam a2200000 a 4500 | ||
|---|---|---|---|
| 001 | UCM2891 | ||
| 003 | CL-VaPUC | ||
| 008 | 020621e20010000SP |||||||||||||||||spa|d | ||
| 082 | 0 | 4 | |a 301 |b ETZ |2 21 |
| 100 | 0 | |a Etzioni, Amitai |e author |9 469593 | |
| 245 | 1 | 3 | |a La tercera vía hacia una buena sociedad: propuestas desde el comunitarismo |
| 300 | |a 111 p | ||
| 942 | |c BK | ||
| 945 | |d 20020621 00:00:00 |a vberengu | ||
| 260 | |a Madrid |b Trotta |c 2001 | ||
| 650 | 0 | |a Sociedad |9 307903 | |
| 650 | 7 | |a COMUNITARISMO |2 CL-VaPUC |9 469594 | |
| 650 | 0 | |a Desarrollo social |9 264534 | |
| 583 | |a last modification |c 20020621 00:00:00 |k Rodrigo Vera | ||
| 490 | 0 | |a Mínima | |
| 999 | |c 300507 |d 300505 | ||
| 952 | |0 0 |1 0 |4 0 |6 301_000000000000000_ETZ_2001 |7 0 |8 A |9 358363 |a BIBDER |b BIBDER |d 2019-11-21 |i 3808890 |l 1 |o 301 ETZ 2001 |p 3808890 |r 2023-01-25 |s 2022-08-24 |w 2019-11-21 |y BK |k DER | ||